000 00541nam a2200181 i 4500
001 29417
003 ES-MaACL
005 20250826043914.0
007 t|
008 030121s1934 sp ||||1| spa d
100 1 _aBallesteros, Pío,
_d1882-1952
_925043
245 1 0 _aTeoría del sistema tributario español /
_cpor Pío Ballesteros.
260 _aMadrid :
_bRevista de Derecho Privado,
_c[1934]
300 _a124 p. ;
_c14 cm.
650 4 _aImpuestos-
_zEspaña
_913634
852 _aES-MaACL
_jB-8445
999 _c29417
_d29417